Associer le personnage féminin à sa fiction d'origine #2 - Statistiques

Statistiques générales
  • Ce quiz a été pris 290 fois
  • Le résultat moyen est 12 sur 20
Statistiques - réponses
Hint Extra Hint Réponse % Correct
Rachel Série TV Friends
92%
Natacha Romanov/Black Widow Film Avengers
86%
Daenerys Targaryen Livre Game of Thrones
81%
Wonder Woman Film Justice League
80%
Neytiri Film Avatar
74%
Rose Calvert Film Titanic
71%
La Bergère Film Toy Story
70%
Nami Livre One Piece
68%
Chun-li Jeu vidéo Street Fighter
63%
Michonne Série TV The Walking Dead
62%
Violette Parr Film Les Indestructibles
59%
Nezuko Kamado Livre Demon Slayer
53%
Ochaco Uraraka Livre My Hero Academia
50%
Marion Ravenwood Film Indiana Jones
49%
Amy Rose Jeu vidéo Sonic
45%
Biscuit Kruger Livre Hunter x Hunter
36%
Lucina Jeu vidéo Fire Emblem
31%
Pyra/Mythra (Ægis) Jeu vidéo Xenoblade Chronicles
31%
Palutena Jeu vidéo Kid Icarus
30%
Paula Jeu vidéo Earthbound
23%
Aucun quiz correspondant
Distribution des résultats
% des personnes avec chaque résultat
Percentile par nombre de réponses
Votre historique - résultats
Vous n’avez pas pris ce quiz